000 00465ntaaa2200181 4500
003 01
005 20251027202752.0
008 0714s1973 ag 01
040 _aAR-BaBN
_bspa
_cAR-BaBN
_eaacr
_dRIC
082 _a804.0000 L69
100 _aGrierson, W (The Listener)
_927815
245 _aTalks with the professor
250 _a1 ed.
260 _aLondon :
_bGeorge Newnes Limited,
_cn.f.
300 _a189 p
500 _aEnsayos sobre varios temas
942 _cBK
999 _c22968
_d22968